000 00298nam a2200121Ia 4500
008 190216s9999||||xx |||||||||||||| ||und||
100 _aHumphery H
245 0 _aColeridge The Clark Lectures 1951-52
260 _bLyall Book Depot
_c1968
300 _a167
650 _aEnglish Stories
942 _cBK
999 _c11989
_d11989